<?xml version="1.0" encoding="UTF-8"?><?xml-stylesheet type="text/xsl" href="static/style.xsl"?><OAI-PMH xmlns="http://www.openarchives.org/OAI/2.0/" xmlns:xsi="http://www.w3.org/2001/XMLSchema-instance" xsi:schemaLocation="http://www.openarchives.org/OAI/2.0/ http://www.openarchives.org/OAI/2.0/OAI-PMH.xsd"><responseDate>2026-04-17T03:11:58Z</responseDate><request verb="GetRecord" identifier="oai:www.recercat.cat:2445/228888" metadataPrefix="marc">https://recercat.cat/oai/request</request><GetRecord><record><header><identifier>oai:recercat.cat:2445/228888</identifier><datestamp>2026-04-15T18:49:19Z</datestamp><setSpec>com_2072_1057</setSpec><setSpec>col_2072_478917</setSpec><setSpec>col_2072_478923</setSpec></header><metadata><record xmlns="http://www.loc.gov/MARC21/slim" xmlns:dcterms="http://purl.org/dc/terms/" xmlns:xsi="http://www.w3.org/2001/XMLSchema-instance" xmlns:doc="http://www.lyncode.com/xoai" xsi:schemaLocation="http://www.loc.gov/MARC21/slim http://www.loc.gov/standards/marcxml/schema/MARC21slim.xsd">
   <leader>00925njm 22002777a 4500</leader>
   <datafield ind2=" " ind1=" " tag="042">
      <subfield code="a">dc</subfield>
   </datafield>
   <datafield ind2=" " ind1=" " tag="720">
      <subfield code="a">Rodriguez-Gonzalez, Alejandro</subfield>
      <subfield code="e">author</subfield>
   </datafield>
   <datafield ind2=" " ind1=" " tag="720">
      <subfield code="a">Fernandez-Turiel, Jose-Luis</subfield>
      <subfield code="e">author</subfield>
   </datafield>
   <datafield ind2=" " ind1=" " tag="720">
      <subfield code="a">Aulinas Juncà, Meritxell</subfield>
      <subfield code="e">author</subfield>
   </datafield>
   <datafield ind2=" " ind1=" " tag="720">
      <subfield code="a">Cabrera, M.C.</subfield>
      <subfield code="e">author</subfield>
   </datafield>
   <datafield ind2=" " ind1=" " tag="720">
      <subfield code="a">Prieto-Torrell, Claudia</subfield>
      <subfield code="e">author</subfield>
   </datafield>
   <datafield ind2=" " ind1=" " tag="720">
      <subfield code="a">Rodriguez, G.A.</subfield>
      <subfield code="e">author</subfield>
   </datafield>
   <datafield ind2=" " ind1=" " tag="720">
      <subfield code="a">Guillou, H.</subfield>
      <subfield code="e">author</subfield>
   </datafield>
   <datafield ind2=" " ind1=" " tag="720">
      <subfield code="a">Perez-Torrado, Francisco Jose</subfield>
      <subfield code="e">author</subfield>
   </datafield>
   <datafield ind2=" " ind1=" " tag="260">
      <subfield code="c">2026-04-14T09:41:31Z</subfield>
   </datafield>
   <datafield ind2=" " ind1=" " tag="260">
      <subfield code="c">2026-04-14T09:41:31Z</subfield>
   </datafield>
   <datafield ind2=" " ind1=" " tag="260">
      <subfield code="c">2022-11</subfield>
   </datafield>
   <datafield ind2=" " ind1=" " tag="260">
      <subfield code="c">2026-04-14T09:41:31Z</subfield>
   </datafield>
   <datafield ind2=" " ind1=" " tag="520">
      <subfield code="a">Marine and subaerial erosion of volcanic ocean islands form coastal cliffs and shore platforms, particularly during stable sea levels. Posterosional lava flows can spill over these coastal cliffs and fill the platforms, leading to the progradation of lava deltas. This work aims to analyze this volcanic rocky coast setting at the island scale and to assess the volcanic constructional and erosive degradational effects on the coast at the scale of one volcanic edifice. El Hierro Island, Canary Islands, exemplifies a rocky coast with an active sea-cliff profile, reflecting its early evolutionary stage as a young ocean volcanic island with no fringing reef. The occurrence of a contemporary insular shelf formed during the Holocene sea-level highstand (&lt;7 ka) allows constraining the ages of those eruptions forming lava deltas affecting this geomorphological landform. A detailed bathymetry around the island allowed us to distinguish 17 eruptions fulfilling this criterion. The Montaña del Tesoro, which occurred about 1050 years BP, is one of these eruptions and was selected as a case study for morphometric modeling integrating subaerial and submarine data at the scale of a volcanic edifice. This eruption was a Strombolian basaltic volcanic event that produced a scoria cone, pyroclastic fall deposits, and lava flows that reached the ocean in the eastern rift zone of El Hierro island. We combine field-based observations with topographic and bathymetric data analysis to reconstruct the pre- and post-eruption Digital Elevation Models (DEMs) and, comparing with present-day DEM, to analyze morphometrically the influence of volcanism on the coastal landscape's development. The resulting landform complexity required the discretization of the lava field according to the coastline evolution and lava front sectors, and the subaerial or submarine lava placement. The pyroclastic materials' total erupted bulk volume (12,829,578 m&lt;sup>3&lt;/sup>) corresponds to a volcanic eruption index (VEI) of 3. This event was primarily effusive. From a dense rock equivalent (DRE) volume of 25,615,424 m&lt;sup>3&lt;/sup>, 87 % flowed as lava, 10 % formed the cinder cone, and 3 % the tephra fall deposits. We quantitatively demonstrate that dominant degradation occurs in the lava field, mainly disturbed by marine erosion. Marine erosion removed 9 % of the erupted volume of lava flows against 1 % by fluvial erosion. This work provides methods and results of great interest with different implications in oceanic volcanic islands, among which we can mention coastal planning (e.g., rock coast evolution) and volcanic risk assessment (e.g., the importance of Holocene sea-level rise on the development of shore platforms facilitating the progradation of lava deltas).</subfield>
   </datafield>
   <datafield ind1="8" ind2=" " tag="024">
      <subfield code="a">https://hdl.handle.net/2445/228888</subfield>
   </datafield>
   <datafield tag="653" ind2=" " ind1=" ">
      <subfield code="a">Cendres volcàniques</subfield>
   </datafield>
   <datafield tag="653" ind2=" " ind1=" ">
      <subfield code="a">Vulcanologia</subfield>
   </datafield>
   <datafield tag="653" ind2=" " ind1=" ">
      <subfield code="a">Sòls volcànics</subfield>
   </datafield>
   <datafield tag="653" ind2=" " ind1=" ">
      <subfield code="a">Roques volcàniques</subfield>
   </datafield>
   <datafield tag="653" ind2=" " ind1=" ">
      <subfield code="a">Lava</subfield>
   </datafield>
   <datafield tag="653" ind2=" " ind1=" ">
      <subfield code="a">Hierro (Canàries)</subfield>
   </datafield>
   <datafield tag="653" ind2=" " ind1=" ">
      <subfield code="a">Volcanic ash</subfield>
   </datafield>
   <datafield tag="653" ind2=" " ind1=" ">
      <subfield code="a">Volcanology</subfield>
   </datafield>
   <datafield tag="653" ind2=" " ind1=" ">
      <subfield code="a">Volcanic soils</subfield>
   </datafield>
   <datafield tag="653" ind2=" " ind1=" ">
      <subfield code="a">Volcanic rocks</subfield>
   </datafield>
   <datafield tag="653" ind2=" " ind1=" ">
      <subfield code="a">Lava</subfield>
   </datafield>
   <datafield tag="653" ind2=" " ind1=" ">
      <subfield code="a">Hierro (Canary Islands)</subfield>
   </datafield>
   <datafield ind2="0" ind1="0" tag="245">
      <subfield code="a">Lava deltas, a key landform in oceanic volcanic islands: El Hierro, Canary Islands</subfield>
   </datafield>
</record></metadata></record></GetRecord></OAI-PMH>